000 01298nam a2200277Ia 4500
003 OSt
005 20220923211612.0
006 a|||||r|||| 00| 0
007 ta
008 220922b |||||||| |||| 00| 0 urd d
020 _a9789389598889 (hbk)
_c795
024 _a355,000
037 _bBR5605, 29/12/2021, Rajkamal Prakashan Pvt. Ltd
_cTextual
040 _aARTS
_cARTS
_burd
041 _2urd
_aurd
082 _aO168,3:g, 152R1
100 _aहनफ़ी, शमीम, ले.
_9156363
245 0 _aआधुनिक उर्दू कहानी का सफ़र* कुछ बातें, कुछ तस्वीरें* मुंशी प्रेमचन्द्र से सुरेन्द्र प्रकाश तक
246 _aĀdhunik urdū kahānī kā saफ़ra: kuchh bātean, kuchh tasvīrean: muanshī premachandra se surendra prakāsh taka
260 _aनई दिल्ली
_b राजकमल प्रकाशन
_c2021
300 _a219पृ0
_ccm.
650 _a उर्दू साहित्य
650 _aउर्दू कहानी
942 _hO168,3:g, 152R1
_cTEXL
_2CC
999 _c301274
_d301274